| 000 | 00940nam a2200349Ia 4500 | ||
|---|---|---|---|
| 001 | dia_2097 | ||
| 003 | CHAP | ||
| 005 | 20251028095049.0 | ||
| 008 | 220117s1981 xx 000 0 und d | ||
| 010 | _a172635 | ||
| 020 | _a84-302-0197-1 | ||
| 040 | _cCHAP | ||
| 082 | _a636.3074 S25 1981 | ||
| 100 |
_aSales, Luis S. _9101567 |
||
| 245 |
_aLa oveja productiva : carneros, ovejas, corderos / _c Luis S. Sales |
||
| 250 | _a4a ed. | ||
| 260 |
_aEspaƱa : _b Sintes, _c1981 |
||
| 300 | _a278 p. | ||
| 400 | _aBIBLIOTECA DEL GANADERO | ||
| 503 | _aI.123142 | ||
| 590 | _aSF375 S25 1981 | ||
| 650 |
_aCarneros _9152236 |
||
| 650 | 0 |
_aCorderos _9142611 |
|
| 650 |
_aEwes _9152237 |
||
| 650 |
_aLambs _9152238 |
||
| 650 |
_aOvejas _9137237 |
||
| 650 |
_aRams _9152239 |
||
| 901 | _a636.3074 S25 1981 | ||
| 902 | _aM | ||
| 905 | _a5232271981 sp A 8222223322SPA16 | ||
| 942 |
_cLIBRO _2ddc |
||
| 999 |
_c172635 _d172635 |
||